| 000 | 00400nam a22001337a 4500 | ||
|---|---|---|---|
| 008 | 160413b xxu||||| |||| 00| 0 eng d | ||
| 050 | _aF1758.P512 | ||
| 100 |
_aPetushkov, I. _923747 |
||
| 245 |
_aCuba 25 years of struggle and progress _cI. Petushkov |
||
| 260 |
_aMoscow _bNovosti Press Agency Publishing House _c1983 |
||
| 300 |
_a82p. ; _c17cm. |
||
| 650 |
_aCuba _923748 |
||
| 942 |
_2lcc _cMONOGRAPH |
||
| 999 |
_c124598 _d124598 |
||